państwa którymi rządał Karol Wielki - Statystyki

Ogólne statystyki
  • Ten quiz został rozwiązany 43 razy
    42 od ostatniego zresetowania
  • Średni wynik to 4 z 8
Statystyki odpowiedzi
państwa % Poprawnych
Francja
94%
Belgia
76%
Holandia
65%
Austria
53%
Szwajcaria
47%
Słowenia
24%
Północne włochy
6%
Zachodnie Niemcy
6%
Nie znaleziono quizów pasujących do podanych kryteriów
Rozkład punktacji
Procent ludzi z każdym wynikiem
Percentyl według liczby udzielonych odpowiedzi
Twoja historia wyników
Nie rozwiązałeś tego quizu od ostatniego zresetowania